000 01164cab a22002055a 4500
001 L152600
008 110331e20110225xxk 000 0 eng d
035 _a(Sirsi) u152600
041 0 _aeng
100 1 _aHatcher, David
245 0 0 _aMarkets
_bThames Valley
260 _c2011
490 0 _aProperty Week
_v77(7) 25 February 2011, 43-52(5)
520 _aReading Borough Council and Visa may take up more than 170 000 sq ft of office space in Reading. Shearer and Standard Life Investments' 305 000 sq ft Parkway shopping centre will open in Newbury in October 2011. Segro will resubmit revised plans for a 1.6m sq ft new development at Slough Trading Estate. Prupim seeks to reduce its exposure in its 1.3m sq ft Green Park scheme in Reading. Danish fund PFA Invest International puts its Abbey Gardens office scheme in Reading up for sale for £23m. Aegon and Capella Estate have restarted speculative office development in Maidenhead.
590 _aKA
651 4 _aThames Valley
690 _aPROPERTY-COMMERCIAL PROPERTY-COMMERCIAL PROPERTY MARKET
690 _aPROPERTY-COMMERCIAL PROPERTY-COMMERCIAL PROPERTY FINANCE AND INVESTMENT
942 _n0
999 _c83019
_d83019